000 00269nam a22001097a 4500
008 160520b xxu||||| |||| 00| 0 eng d
020 _a0816039615
041 _aeng
080 _a316.77
245 _aNovels into film;
_cjohn C. Tibbetts; James M. Welsh;
942 _2udc
_cBK
999 _c2294
_d2294